000 00688cam a2200217 4500500
005 20260329005839.0
041 _afre
042 _adc
100 1 0 _aPowers, Richard
_eauthor
700 1 0 _aLacroix, Alexandre
_eauthor
245 0 0 _aRichard Powers : “Le voyage de la vie à travers l’Univers, c’est un road trip”
260 _c2025.
500 _a5
690 _aBruno Latour
690 _aNature
690 _aRichard Powers
690 _aroman
690 _aScience
786 0 _nPhilosophie magazine | 188 | 4 | 2025-04-01 | p. 44-46 | 1951-1787
856 4 1 _uhttps://shs.cairn.info/magazine-philosophie-magazine-2025-4-page-44?lang=fr&redirect-ssocas=7080
999 _c1847237
_d1847237